Regional Districts of British Columbia - Statistics

General Stats
  • This quiz has been taken 16 times
  • The average score is 7 of 29
Answer Stats
District Name Population % Correct
Capital 453,425
58%
Fraser Valley 353,301
50%
Greater Vancouver 2,971,064
42%
Nanaimo 183,039
42%
Central Coast 3,850
33%
Central Kootenay 67,129
33%
East Kootenay 70,741
33%
Kootenay Boundary 35,189
33%
Stikine 779
33%
Columbia-Shuswap 61,505
25%
Fraser-Fort George 104,141
25%
Kitimat-Stikine 40,558
25%
Sunshine Coast 34,104
25%
Thompson-Nicola 156,094
25%
Alberni-Clayoquot 35,891
17%
Cariboo 66,291
17%
Central Okanagen 246,789
17%
Comox Valley 77,706
17%
Cowichan Valley 94,941
17%
Northern Rockies 4,632
17%
Peace River 65,487
17%
Powell River 22,768
17%
Squamish-Lillooet 54,923
17%
Bulkley-Nechako 39,370
8%
Mount Waddington 11,425
8%
North Okanagan 98,529
8%
Strathcona 51,676
8%
Okanagan-Simikameen 94,533
0%
Skeena-Queen Charlotte 19,133
0%
No matching quizzes found
Score Distribution
Percent of People with Each Score
Percentile by Number Answered
Your Score History
You have not taken this quiz